Normal view
MARC view
- تاليف حماد، عبد القادر إبراهيم، م.مشارك ناصر محمود عبد
Entry Personal Name
001 - CONTROL NUMBER
- control field: 50925
003 - CONTROL NUMBER IDENTIFIER
- control field: JO-AjAnu
005 - DATE AND TIME OF LATEST TRANSACTION
- control field: 20230606082400.0
008 - FIXED-LENGTH DATA ELEMENTS
- fixed length control field: 230606|| aca||aabn | a|a d
040 ## - CATALOGING SOURCE
- Original cataloging agency: JO-AjAnu
- Transcribing agency: JO-AjAnu
100 ## - HEADING--PERSONAL NAME
- Personal name: تاليف حماد، عبد القادر إبراهيم، م.مشارك ناصر محمود عبد
670 ## - SOURCE DATA FOUND
- Source citation: Work cat.: (JO-AjAnu)26031: تاليف حماد، عبد القادر إبراهيم، م.مشارك ناصر محمود عبد, author, مدخل إلى جغرافية السياحة